000 00636nam a2200253 a 4500
003 AR-BaBNM
005 20251128204056.0
008 082120s2002 ||||||||||||||000 | spa||
020 _a950-03-0415-5
040 _cAR-BaBNM
100 1 _aAlberti, Rafael
245 0 0 _aEl adefesio ;
_bLa gallarda
250 _a1ª ed.
260 _aBuenos Aires
_bLosada
_c1991
300 _a162 p.
490 0 _aBiblioteca clásica y contemporánea
_vv. 525
650 4 _aLITERATURA ESPAÑOLA
650 4 _aANTOLOGIAS
650 4 _aTEATRO NACIONAL
653 _aGENERACION DE 1927
655 _aLITERATURA
942 _cBK
998 _cisola
999 _c6068
_d6068